000 01552cam a22003734a 4500
003 OSt
005 20240530110416.0
008 060404s2007 gw a f b 001 0 eng c
020 _a9783540248101 (alk. paper)
020 _a3540248102 (alk. paper)
035 _a(CStRLIN)MDNM101295057-B
040 _aEG-CaGPL
_cEG-CaGPL
041 1 _aeng
_hfre
042 _apcc
060 0 0 _a2006 N-862
060 1 0 _aWL 704
_bR129i 2007a
082 0 0 _221
_a616.0757\
_bK I
130 0 _aRadiologie interventionnelle dans le traitement de la douleur.
_lEnglish.
245 1 0 _aInterventional radiology in pain treatment /
_cBruno Kastler (editor) ; Fabrice-Guy Barral, Bernard Fergane, Philippe Pereira (co-editors) ; with contributions by Hatem Boulahdour ... [et al.] ; foreword by Georges Salamon.
260 _aBerlin ;
_aNew York :
_bSpringer,
_cc2007.
300 _axx, 202 p. :
_bill. ;
_c28 cm.
500 _aTranslation from French.
504 _aIncludes bibliographical references and index.
650 0 _aPain
_xInterventional radiology.
650 0 _aPain
_xImaging.
650 1 2 _aPain.
650 2 2 _aRadiology, Interventional
_xmethods.
700 1 _aKastler, Bruno.
700 1 _aBoulahdour, Hatem.
856 4 2 _3Contributor biographical information
_uhttp://www.loc.gov/catdir/enhancements/fy0824/2006925166-b.html
856 4 2 _3Publisher description
_uhttp://www.loc.gov/catdir/enhancements/fy0824/2006925166-d.html
856 4 1 _3Table of contents only
_uhttp://www.loc.gov/catdir/enhancements/fy0824/2006925166-t.html
942 _cBK
999 _c60565
_d60565